| 000 | 00588nam a2200205 a 4500 | ||
|---|---|---|---|
| 005 | 20240911064114.0 | ||
| 008 | 991125s1982 mx 000 0 spa u | ||
| 020 | _a9684110901 | ||
| 035 | _aUPN01000006455 | ||
| 049 | _aCG | ||
| 050 | 4 |
_aHD1531 M6 _bB3.3 |
|
| 100 | 1 |
_aBartra Murià, Roger, _d1942- _931656 |
|
| 245 | 1 | 0 |
_aCampesinado y poder político en México / _cRoger Bartra. |
| 260 |
_aMéxico : _bEra, _c1982. |
||
| 300 | _a127 p. | ||
| 440 | 0 | _aProblemas de México | |
| 650 | 2 |
_aCampesinos _zMéxico _95335 |
|
| 651 | 4 |
_aMEXICO - _xPOLITICA Y GOBIERNO - _y1920- |
|
| 905 | _aLibro | ||
| 999 |
_c6455 _d6455 |
||